000 01026nam a2200241Ia 4500
999 _c52866
_d52866
001 19896
003 GE_BSU
005 20200428230830.0
008 181216s2016||||ge |||||||||||||| ||geo||
020 _a9786059106375
040 _cGE_BSU
041 _ageo
080 _a28-24 წ-71
245 _aწმინდა წიგნი ყურანი და მისი შინაარსობრივი თარგმანი /
_cმთარგმნ. რეზო მიქელაძე ; რედ. დონარი ტუნაძე.
264 _aსტამბოლი :
_bჰაირათი,
_c2016.
300 _a605 გვ. ;
_c14 სმ.
500 _aსპონსორი მუსლიმგეორგია
653 _aრელიგია
653 _aყურანი
700 _aმიქელაძე, რეზო
_eმთარგმნელი
_96962
700 _aტუნაძე, დონარი
_eრედაქტორი
_96963
942 _cBK
_2udc